Who cracked the Liberty Bell? : (Record no. 3140)

MARC details
000 -LEADER
fixed length control field 01301cam a2200373 a 4500
001 - CONTROL NUMBER
control field 3140
003 - CONTROL NUMBER IDENTIFIER
control field FISKH
005 - DATE AND TIME OF LATEST TRANSACTION
control field 20250808144913.0
008 - FIXED-LENGTH DATA ELEMENTS--GENERAL INFORMATION
fixed length control field 081208s2007 nyua j 000 0 eng d
010 ## - LIBRARY OF CONGRESS CONTROL NUMBER
LC control number 2008301152
020 ## - INTERNATIONAL STANDARD BOOK NUMBER
International Standard Book Number 0439025230
020 ## - INTERNATIONAL STANDARD BOOK NUMBER
International Standard Book Number 9780439025232
035 ## - SYSTEM CONTROL NUMBER
System control number (OCoLC)ocn191102349
040 ## - CATALOGING SOURCE
Original cataloging agency BSC
Transcribing agency BSC
Modifying agency DLC
Language of cataloging eng
042 ## - AUTHENTICATION CODE
Authentication code lccopycat
043 ## - GEOGRAPHIC AREA CODE
Geographic area code n-us---
050 00 - LIBRARY OF CONGRESS CALL NUMBER
Classification number E208
Item number .R64 2007
082 00 - DEWEY DECIMAL CLASSIFICATION NUMBER
Classification number 973.3
Edition number 22
100 1# - MAIN ENTRY--PERSONAL NAME
Personal name Roop, Peter.
245 10 - TITLE STATEMENT
Title Who cracked the Liberty Bell? :
Remainder of title and other questions about the American Revolution /
Statement of responsibility, etc. by Peter and Connie Roop.
260 ## - PUBLICATION, DISTRIBUTION, ETC.
Place of publication, distribution, etc. New York :
Name of publisher, distributor, etc. Scholastic,
Date of publication, distribution, etc. 2007.
300 ## - PHYSICAL DESCRIPTION
Extent 44 pages :
Other physical details illustrations ;
Dimensions 20 cm.
440 #0 - SERIES STATEMENT/ADDED ENTRY--TITLE
Title Chapters in history
500 ## - GENERAL NOTE
General note First printing, November 2007.
500 ## - GENERAL NOTE
General note "This edition is available for distribution only through the school market."-p. 4 of cover.
505 ## - FORMATTED CONTENTS NOTE
Formatted contents note R<br/>
520 ## - SUMMARY, ETC.
Summary, etc. This book explores the history behind the famous Liberty Bell and other facts about the American Revolution.
521 8# - TARGET AUDIENCE NOTE
Target audience note 730<br/>
Source Lexile NC<br/>
521 8# - TARGET AUDIENCE NOTE
Target audience note R<br/>
Source Raz-Plus<br/>
651 #0 - SUBJECT ADDED ENTRY--GEOGRAPHIC NAME
Geographic name United States
General subdivision History
Chronological subdivision Revolution, 1775-1783
Form subdivision Juvenile literature.
700 1# - ADDED ENTRY--PERSONAL NAME
Personal name Roop, Connie.
Relator term Author
906 ## - LOCAL DATA ELEMENT F, LDF (RLIN)
a 7
b cbc
c copycat
d 2
e ncip
f 20
g y-gencatlg
942 ## - ADDED ENTRY ELEMENTS (KOHA)
Source of classification or shelving scheme Dewey Decimal Classification
Koha item type Books
Suppress in OPAC No
Holdings
Withdrawn status Lost status Source of classification or shelving scheme Damaged status Not for loan Collection Home library Current library Shelving location Date acquired Total Checkouts Full call number Barcode Date last seen Price effective from Koha item type Copy number
    Dewey Decimal Classification     Non-Fiction Footprints International School Library Network Toul Kork Campus Footprints International School Library Network Toul Kork Campus TK Primary Library Room(4th Floor), Bookcase 5&6, Shelves 33-56, Orange Books 02/08/2024   PET 973.3 E208.R64 FISTK00463 02/08/2024 02/08/2024 Books  
    Dewey Decimal Classification     Non-Fiction Footprints International School Library Network Toul Tom Poung Campus Footprints International School Library Network Toul Tom Poung Campus TTP Primary Orange Bookshelves 08/08/2025   PET 973.3 E208.R64 FISBK00519 08/08/2025 08/08/2025 Books 2